000 00460nam a2200169Ia 4500
001 12474
003 IN-NITTTR
005 20251114233117.0
008 251113s9999||||xx |||||||||||||| ||eng||
040 _beng
040 _cIN-NITTTR
041 _aeng
082 _a370.19 B812F
100 _aBrown, Frank
245 0 _aEducation for responsible citizenship; the report of the national task force on citizenship education /
_cBrown, Frank
942 _2ddc
_cBK
999 _c15110
_d15110